| 000 | 00851nmc a2200301 a 4500 | ||
|---|---|---|---|
| 003 | AR-BaBNM | ||
| 005 | 20251128204226.0 | ||
| 008 | 235019s1992 ||||||||||||||000 | spa|| | ||
| 020 | _a84-7774863-2 | ||
| 040 | _cAR-BaBNM | ||
| 100 | 1 | _aCaplan, David | |
| 245 | 1 | 0 | _aIntroducción a la neurolingüística y al estudio de los trastornos del lenguaje |
| 260 |
_aMadrid _bVisor _c1992 |
||
| 300 | 0 |
_a572 p. _bil. |
|
| 490 | 0 |
_aLingüística y conocimiento _vv. 15 |
|
| 650 | 4 | _aLINGUISTICA | |
| 650 | 4 | _aNEUROLOGIA | |
| 650 | 4 | _aEDUCACION ESPECIAL | |
| 650 | 4 | _aTRASTORNOS DEL HABLA | |
| 650 | 4 | _aPSICOLINGUISTICA | |
| 650 | 4 | _aDISLEXIA | |
| 650 | 4 | _aENFERMEDADES DEL SISTEMA NERVIOSO | |
| 653 | 0 | _aTRASTORNOS DEL LENGUAJE | |
| 700 | 1 |
_aEguren, Luis _etraductor |
|
| 800 | 1 |
_aPiera, Carlos _edirector |
|
| 942 | _cBK | ||
| 998 | _cCarmen | ||
| 999 |
_c6631 _d6631 |
||